000 00361nam a22001457a 4500
005 20260317143352.0
020 _a9789360619145
082 _a519.6
_bSTE.O
100 _aSteven King
_911992
245 _aOptimization Techniques
_cSteven King
260 _aNew Delhi
_bPinakin
300 _a278p.
650 _aOptimization Techniques
_911993
942 _2ddc
_cBK
999 _c757754
_d757754